[Event "Stuttgart-chA int"]
[Site "Ditzingen"]
[Date "2008.05.04"]
[Round "7"]
[White "Prestel, Oliver"]
[Black "Loewe, Joachim"]
[Result "1-0"]
[WhiteElo "2204"]
[BlackElo "1778"]
[PlyCount "95"]
[EventDate "2008.05.01"]
[EventType "swiss"]
[EventRounds "7"]
[EventCountry "GER"]
[SourceTitle "EXT 2018"]
[Source "ChessBase"]
[SourceDate "2017.10.13"]
[SourceVersion "1"]
[SourceVersionDate "2017.10.13"]
[SourceQuality "1"]

1. d4 d5 2. c4 e6 3. Nf3 Nf6 4. Nc3 Be7 5. Bg5 0-0 6. e3 c6 7. Qc2 dxc4 8. Bxc4 Nd5 9. Bxe7 Qxe7 10. 0-0 Nd7 11. Rad1 a6 12. a3 Nxc3 13. Qxc3 Nb6 14. Ba2 Nd5 15. Qc2 Bd7 16. Ne5 Be8 17. Nd3 b6 18. e4 Nf6 19. Rfe1 Qb7 20. Nf4 Rc8 21. b4 Qb8 22. e5 Nd5 23. Bb1 g6 24. Nh5 f5 25. exf6 Nxf6 26. Ng3 Qf4 27. Rxe6 Ng4 28. Re2 Rd8 29. Qe4 Qxe4 30. Nxe4 h6 31. f3 Nf6 32. Ba2+ Nd5 33. Nc3 Bf7 34. Nxd5 cxd5 35. Rc1 Rd6 36. Rc7 Re8 37. Re5 Kf8 38. Kf2 Kg8 39. f4 Rf8 40. Ree7 Re6 41. Rxf7 Rxf7 42. Rxf7 Kxf7 43. Bxd5 Kf6 44. Bxe6 Kxe6 45. Ke3 Kd5 46. Kd3 Kc6 47. g4 Kb5 48. f5 1-0

[Event "Stuttgart-chA int"]
[Site "Ditzingen"]
[Date "2008.05.03"]
[Round "5"]
[White "Prestel, Oliver"]
[Black "Erben, Larissa"]
[Result "0-1"]
[WhiteElo "2204"]
[BlackElo "1942"]
[PlyCount "56"]
[EventDate "2008.05.01"]
[EventType "swiss"]
[EventRounds "7"]
[EventCountry "GER"]
[SourceTitle "EXT 2018"]
[Source "ChessBase"]
[SourceDate "2017.10.13"]
[SourceVersion "1"]
[SourceVersionDate "2017.10.13"]
[SourceQuality "1"]

1. d4 d5 2. c4 e6 3. Nf3 c6 4. Nc3 Nf6 5. Bg5 Nbd7 6. e3 Qa5 7. cxd5 exd5 8. Qc2 Bb4 9. Bd3 0-0 10. 0-0 Re8 11. Ne2 Ne4 12. Ng3 h6 13. Bf4 g5 14. Be5 f6 15. Nxe4 dxe4 16. Bxe4 fxe5 17. Bh7+ Kh8 18. Qg6 Qd8 19. dxe5 Nxe5 20. Nxe5 Rxe5 21. Rad1 Qf8 22. f4 Re6 23. Qh5 Qe8 24. Qh3 Rf6 25. g4 Kxh7 26. fxg5 Rxf1+ 27. Rxf1 Qg6 28. Qg3 Bd6 0-1

[Event "Stuttgart-chA int"]
[Site "Ditzingen"]
[Date "2008.05.01"]
[Round "2"]
[White "Hittinger, Immanuel"]
[Black "Prestel, Oliver"]
[Result "0-1"]
[WhiteElo "1928"]
[BlackElo "2204"]
[PlyCount "72"]
[EventDate "2008.05.01"]
[EventType "swiss"]
[EventRounds "7"]
[EventCountry "GER"]
[SourceTitle "EXT 2018"]
[Source "ChessBase"]
[SourceDate "2017.10.13"]
[SourceVersion "1"]
[SourceVersionDate "2017.10.13"]
[SourceQuality "1"]

1. d4 d5 2. c4 c6 3. Nf3 Nf6 4. e3 a6 5. Nc3 e6 6. Bd2 Nbd7 7. Rc1 Bd6 8. Bd3 dxc4 9. Bxc4 b5 10. Bd3 c5 11. Ne4 Nxe4 12. Bxe4 Ra7 13. dxc5 Nxc5 14. Bb1 Rd7 15. 0-0 Bb7 16. h3 Be7 17. Rc2 0-0 18. Nd4 Ne4 19. Qe2 Qa8 20. f3 Ng3 21. Qd3 g6 22. Rfc1 e5 23. Rc7 Rfd8 24. Be1 Bh4 25. Qb3 exd4 26. exd4 Ne2+ 27. Kh2 Nxc1 28. Rxc1 Bxe1 29. Rxe1 Qb8+ 30. Kh1 Rxd4 31. Bc2 Re8 32. Be4 Bxe4 33. Rxe4 Rdxe4 34. fxe4 Rxe4 35. Qc3 Qe5 36. Qc8+ Kg7 0-1

[Event "Stuttgart-chA int"]
[Site "Ditzingen"]
[Date "2008.05.01"]
[Round "3"]
[White "Prestel, Oliver"]
[Black "Kerpe, Andreas"]
[Result "0-1"]
[WhiteElo "2204"]
[BlackElo "1977"]
[PlyCount "47"]
[EventDate "2008.05.01"]
[EventType "swiss"]
[EventRounds "7"]
[EventCountry "GER"]
[SourceTitle "EXT 2018"]
[Source "ChessBase"]
[SourceDate "2017.10.13"]
[SourceVersion "1"]
[SourceVersionDate "2017.10.13"]
[SourceQuality "1"]

1. d4 f5 2. e4 fxe4 3. Nc3 Nf6 4. Bg5 Nc6 5. f3 d5 6. fxe4 dxe4 7. Bb5 Qd6 8. d5 a6 9. dxc6 Qxd1+ 10. Rxd1 axb5 11. Nxb5 Rxa2 12. Nxc7+ Kf7 13. Rd8 Ra1+ 14. Kf2 e5 15. Bxf6 gxf6 16. Kg3 Rg8+ 17. Kh4 Bc5 18. cxb7 Bxb7 19. Rd7+ Kg6 20. Nh3 Rxh1 21. Ne6 Bc8 22. Nxc5 Bxd7 23. Nxd7 Rd8 24. Nf2 0-1